Responses for show #3275 - Friday, November 27, 1998

Contestants

Julie Spencer, a social worker from Harbor Springs, Michigan

Peter Warn, a copy editor from Buffalo, New York

Deborah Danzis, a college professor from High Point, North Carolina (whose 1-day cash winnings total $9,201)

Jeopardy! Round responses

TREATIES
SECRET IDENTITIES
(Alex: You name the hero)
LEIGH-ANNE TOURS L.A.
(Alex: We sent our intern, Leigh-Anne, around Los Angeles)
BEACH MOVIES
COWBOY TALK
THE PREZ SEZ
(Alex: We'll tell you what the prez sez, you have to identify the president)
    $100 16
Treaty of Versailles

Peter
    $100 2
(J: Who is Batman?)

Robin

PeterJulie
    $100 20
(D: What is Tail O' The Pup?)
(Alex: We needed what they served, not the name of the restaurant)
(Note: Tail O' The Pup was forced to close in early 2006 so the land could be developed for condominiums.)

Hot dog

Deborah
Triple Stumper
    $100 1
Jaws

Peter
    $100 22
(less than a minute to go...)

Dead

Julie
    $100 7
John F. Kennedy

Deborah
    $200 17
(J: What is Congress?)

The Senate

PeterJulie
    $200 3
Wonder Woman

Peter
    $200 27
(J: What is UCLA?)

University of Southern California

Julie
Triple Stumper
    $200 12
Saving Private Ryan

Deborah
    $200 23
Saddles

Deborah
    $200 8
George H.W. Bush

Peter
    $300 18
(P: What is French?)

Latin

PeterJulie
    $300 4
Captain Marvel

Peter
    $300 28
(buzzer sounds)

Venice

Julie
    $500 13
Frankie Avalon & Annette Funicello

Deborah
    $300 24
(P: What is a lasso?)

Branding iron

Peter
Triple Stumper
    $300 9
Abraham Lincoln (The Gettysburg Address)

Julie
    $400 19
(J: What is [*]?)
(Alex: You have to ring in.)

Sinai

Julie
    $400 5
The Shadow

Peter
    $400 14
From Here to Eternity

Peter
    $400 25
Snake

Deborah
    $400 10
Richard Nixon

Peter
    $500 21
The Pope

Peter
    $500 6
Underdog

Triple Stumper
    $500 15
Bette Midler

Peter
    $500 26
Cantina

Julie
    $500 11
Franklin D. Roosevelt

Deborah

Scores at the first commercial break (after clue 15):

Deborah Peter Julie
$1,300 $2,600 $200

Scores at the end of the Jeopardy! Round:

Deborah Peter Julie
$1,800 $2,800 $1,400

Double Jeopardy! Round responses

U.S. HISTORY
ODD WORDS
TRAVEL EUROPE
"KISS"ING MUSIC
OEDIPUS
COMPLEXES
(Alex: Now a brief word about "Travel Europe": In the 1st round of play we had "Leigh-Anne Tours L.A", that was our intern, Leigh-Anne Brown, who earned a college credit by going around L.A. & getting pictures for us, but we couldn't afford to send her to Europe, so "Travel Europe" is a regular "Jeopardy!" category, with no input from Leigh-Anne!)
    $200 6
John Sherman

Peter
    $200 5
Cottage cheese

Peter
    $200 1
Amsterdam

Triple Stumper
    $200 12
A kiss on the hand

Peter
    $200 16
Zeus

Triple Stumper
    $200 11
Radio City

Deborah
    $400 7
Mexican-American War

Julie
    $400 2
Isak Dinesen

Julie
    $400 21
(Alex: We have a minute to go.)

"It's In His Kiss"

Julie
    $400 17
Sophocles

Julie
    $400 13
Portland (Oregon)

Julie
    $600 8
"Rosie The Riveter"

Deborah
    $600 3
(J: What is Florence?)

Venice

Julie
Triple Stumper
    $600 22
(Julie: What is "Kiss Of A Rose"?)

"Kiss From A Rose"

DeborahJulie
    $600 18
Shepherd

Peter
    $600 14
Sydney Opera House

Julie
    $800 9
Whigs

Triple Stumper
    $800 4
Brandenburg Gate

Triple Stumper
    $800 23
(Julie: What is "Da Doo Ron Ron"?)
(Deborah: What is "And" [*]?)

"Then He Kissed Me"

DeborahJulie
    $800 19
Colonus

Triple Stumper
    $1,000 15
(J: Don't know.)

Byzantine

Julie
    $1000 10
(J: Who is McKinley?)

William Jennings Bryan

PeterJulie
    $1000 25
(Alex: Julie, go again (buzzer sounds) - oh, we won't get a chance for those last 5 clues!)

Florence

Triple Stumper
    $1000 24
(P: What is "Kiss It Goodbye?")

Kiss Him Goodbye

PeterJulie
    $1000 20
Jocaste

Peter

Scores at the end of the Double Jeopardy! Round:

Deborah Peter Julie
$4,000 $5,000 $1,000

[wagering suggestions for these scores]

Final Jeopardy! Round responses

BASEBALL TEAMS
(Alex: Great baseball season this year!)
JulieWhat are the Pirates?
$0
DeborahWhat are the Pirates?
$1,001
PeterWhat is the Oakland A's?
$3,001
Pittsburgh Pirates

Final scores:

Deborah Peter Julie
$5,001 $1,999 $1,000
2-day champion: $14,202 2nd place: Trip to Costa de Estoril, Portugal 3rd place: Yamaha Clavinova Digital Piano

Game dynamics:

Coryat scores:

Deborah Peter Julie
$3,800 $5,000 $2,000
10 R
(including 1 DD),
1 W
18 R,
3 W
13 R,
8 W
(including 1 DD)

Combined Coryat: $10,800

The J! Archive is created by fans, for fans. The Jeopardy! game show and all elements thereof, including but not limited to copyright and trademark thereto, are the property of Jeopardy Productions, Inc. and are protected under law. This website is not affiliated with, sponsored by, or operated by Jeopardy Productions, Inc. Join the discussion at JBoard.tv.